| 000 | 00721nam a2200253Ia 4500 | ||
|---|---|---|---|
| 005 | 20260429112028.0 | ||
| 008 | 260429s9999||||xx |||||||||||||| ||und|| | ||
| 020 | _a9781783305933 | ||
| 041 | _aEnglish | ||
| 082 |
_a027.662 _bWAL |
||
| 100 | _aWalton, Geoff | ||
| 245 | 0 |
_aIntroduction to healthcare knowledge and library services / _cGeoff Walton |
|
| 260 |
_aUnited Kingdom : _bFacet Publishing, _c2024. |
||
| 300 | _axi, 245 p.; pbk | ||
| 650 | _a Healthcare libraries | ||
| 650 | _a Hospital libraries | ||
| 650 | _a Library services | ||
| 650 | _aLibrary science | ||
| 700 | _a Johnson, Frances | ||
| 700 | _a Stewart, David | ||
| 700 | _a Wyatt, Holly Case | ||
| 700 | _a Young, Gil | ||
| 942 | _cTB | ||
| 999 |
_c51972 _d51972 |
||